| 000 | 00766nam a2200253Ia 4500 | ||
|---|---|---|---|
| 003 | OSt | ||
| 005 | 20220918223705.0 | ||
| 006 | a|||||r|||| 00| 0 | ||
| 007 | ta | ||
| 008 | 220917b |||||||| |||| 00| 0 eng d | ||
| 024 | _a224,768 | ||
| 037 | _cTextual | ||
| 040 |
_aARTS _cARTS _beng |
||
| 041 |
_2eng _aeng |
||
| 082 | _aX:5.25257.M, P5 | ||
| 100 |
_aYahya Ghulam _9146390 |
||
| 245 | 0 |
_aCrafting traditions _b Documenting trades & crafts in early 19th century north India |
|
| 260 |
_aNew Delhi _bAryan books int. _c2005 |
||
| 300 |
_axxxix, 127p _ccm. |
||
| 650 | _aECONOMICS | ||
| 700 |
_a Farooqi Mehr Afshan Ed. _9146391 |
||
| 942 |
_hX:5.25257.M, P5 _cTEXL _2CC |
||
| 999 |
_c279203 _d279203 |
||